00413nam a2200157Ia 450000500170000000800410001702000150005808200130007310000250008624500380011125000090014926000440015830000190020265000160022165000180023720240604032808.0240331s9999 xx 000 0 und d a9552100674 bGOOa346 aGoonesekera, Savitri 0aSri Lanka law on parent and child a1 st aColombobM.D. Gunasena & Co. LTD.c1987 aXliv, 509 p ., aFamily Law aLegal History